| 000 | 00716nam a2200205 a 4500 | ||
|---|---|---|---|
| 001 | 000034742 | ||
| 005 | 20200930073856.0 | ||
| 008 | 111019s1966 es 000 0 spa d | ||
| 040 |
_aDO-SdBNP _bspa _cBNPHU |
||
| 100 | 1 |
_aStorer, John H. _960215 |
|
| 245 | 1 | 3 |
_aLa trama de la vida : _bintroducción a la ecología / _cJohn H. Storer ; traducción de Rafael Martín del Campo. |
| 250 | _a2a ed. | ||
| 260 |
_aMéxico : _bFondo de Cultura Económica, _c1966. |
||
| 300 |
_a125 p. ; _c18 cm. |
||
| 490 | 1 |
_aBreviarios _v143 |
|
| 590 | _aPerteneció a la biblioteca personal de Juan Isidro Jimenes Grullón. | ||
| 700 |
_aMartín del Campo, Rafael, _etr. _960216 |
||
| 830 | 0 |
_aBreviarios _v143 _916416 |
|
| 049 | _aBNPD | ||
| 999 |
_c34233 _d34233 |
||